Estudios de Derecho de Contratos

Detalles Bibliográficos
Formato: eBook
Lenguaje:español
Publicado: La Habana: Unin̤ Nacional de Juristas de Cuba, 2021
Materias:
Acceso en línea:Acceso restringido

MARC

LEADER 00000nam a22000007a 4500
005 20210717000359.0
007 cr|||| ||||
008 210717s2021 cu |||||s|||| 00||0 spa d
020 |a 978-959-7219-67-5 
035 |a 33498 
040 |a vLex 
090 |c 11872  |d 11872 
245 1 0 |a Estudios de Derecho de Contratos  |h [Recurso electrn̤ico] / 
256 |a Servicio en ln̕ea 
260 |a La Habana:  |b Unin̤ Nacional de Juristas de Cuba,  |c 2021 
300 |a 1 recurso electrn̤ico 
506 1 |a Disponible solo en los productos indicados  |d vLex Global  |d vLex Global (Academic Edition, excluding Law Schools)  |d vLex Global (U.S. Academic Edition, Law Schools)  |d vLex Global (U.S. Academic Edition, excluding Law Schools)  |d vLex Global (Academic Edition, Law Schools) 
650 0 4 |a Obligaciones y Contratos  |z Cuba 
740 0 |a vLex Libros (Servicio en ln̕ea) 
856 4 0 |u https://vlex.com/source/estudios-derecho-contratos-33498  |z Acceso restringido 
942 |c BOOK 
999 0 |a Obligations and Contracts